HOTEL MAFFIJA 3 - Statystyki

Ogólne statystyki
  • Ten quiz został rozwiązany 31 razy
  • Średni wynik to 18 z 25
Statystyki odpowiedzi
Odpowiedź % Poprawnych
3 w nocy w międzyzdrojach
100%
bad bunny
100%
bungee
100%
Hotel Maffija 3
100%
SQNHEAD
95%
czarna perła
84%
klasyczny trap
84%
plaża w międzyzdrojach
84%
LOS
79%
pomnik
79%
powodzenia szaran
79%
obcy
74%
pieniądze i sława
74%
Rusztom
74%
czerwone słońce
68%
na drugi koniec świata
68%
wioska ukryta we mgle
68%
jeep wrangler
63%
mówi się trudno
58%
patrick swayze
58%
pustka
53%
zimne morze
53%
hehelikopter
47%
zamki z piasku
47%
TRAPI$ZON
42%
Nie znaleziono quizów pasujących do podanych kryteriów
Rozkład punktacji
Procent ludzi z każdym wynikiem
Percentyl według liczby udzielonych odpowiedzi
Twoja historia wyników
Nie rozwiązałeś tego quizu